000
00277nam a22001217a 4500
008
181019b xxu||||| |||| 00| 0 eng d
041
_a
eng
080
_a
610
100
_a
4
101
_a
INF
245
_a
Dysphagia Diagnosis And Teatment
_c
Davide..W.G
942
_2
udc
_c
BK
999
_c
50293
_d
50293